Представление документа в формате MARC21

Поле Инд. ПП Название Значение
Тип записи a
Библиографический уровень b
001 Контрольный номер RU/IS/BASE/264553126
005 Дата корректировки 20200526074541.3
008 Кодируемые данные 19960104
084 a Индекс другой классификации/Индекс ББК 66.041.331
097 00 a 750
100 10 a Автор Баринова В. И.
245 00 a Заглавие Консенсус как одно из главных условий разрешения политических конфликтов
650 a Основная рубрика политика
a Основная рубрика политология
653 00 a Ключевые слова консенсус
a Ключевые слова конфликты
a Ключевые слова политическая борьба
a Ключевые слова политические конфликты
773 00 t Заглавие источника Социально-политический журнал
d Дата издания источника 1995
g Прочая информация № 5. - С. 211 - 215
w Контрольный № источника RU/IS/BASE/141327997
901 t Тип документа b